Tanulmányfej - önarckép [szénrajz] /
Elmentve itt :
| Szerző: | |
|---|---|
| Dokumentumtípus: | Cikk |
| Megjelent: |
1913
|
| Sorozat: | Kultura [!Kultúra] : irodalmi, művészeti, kritikai képes havi folyóirat
5 No. 5 |
| Kulcsszavak: | Művészet |
| Online Access: | http://misc.bibl.u-szeged.hu/2822 |
| LEADER | 00597nab a2200169 i 4500 | ||
|---|---|---|---|
| 001 | misc2822 | ||
| 005 | 20191106143550.0 | ||
| 008 | 170607s1913 hu o 0|| hun d | ||
| 040 | |a SZTE Miscellanea Repozitórium |b hun | ||
| 041 | |a hun | ||
| 100 | 1 | |a Kása Gabi | |
| 245 | 1 | 0 | |a Tanulmányfej - önarckép |h [elektronikus dokumentum] : |b [szénrajz] / |c Kása Gabi |
| 260 | |c 1913 | ||
| 300 | |a 256 | ||
| 490 | 0 | |a Kultura [!Kultúra] : irodalmi, művészeti, kritikai képes havi folyóirat |v 5 No. 5 | |
| 695 | |a Művészet | ||
| 856 | 4 | 0 | |u http://misc.bibl.u-szeged.hu/2822/1/kultura_005_005_256.pdf |z Dokumentum-elérés |